Boy or Girl Name – Think Fast! - Statistics

General Stats
  • This quiz has been taken 138 times
    113 since last reset
  • The average score is 35 of 45
Answer Stats
Hint Answer % Correct
Bernard Boy
89%
Edward Boy
88%
Graham Boy
86%
Martin Boy
86%
Michael Boy
85%
Zach Boy
85%
Sophia Girl
85%
Craig Boy
84%
Kevin Boy
84%
Jason Boy
84%
Mary Girl
84%
Tyler Boy
83%
Roger Boy
82%
Anthony Boy
82%
Jenny Girl
82%
Susan Girl
82%
Grace Girl
82%
Isabella Girl
82%
Tiffany Girl
82%
Theo Boy
81%
Andy Boy
81%
Chloe Girl
81%
Nicole Girl
81%
Grace Girl
81%
Alice Girl
81%
Emily Girl
81%
Helen Girl
81%
Aurora Girl
80%
Ryan Boy
78%
Jeremy Boy
78%
Gary Boy
78%
Kaitlyn Girl
77%
Percy Boy
76%
Don Boy
76%
Nancy Girl
76%
Bethany Girl
76%
Karen Girl
76%
Madison Girl
75%
Judy Girl
75%
Cleo Girl
68%
Journey Girl
65%
Joaquin Boy
63%
Lois Girl
57%
Pheonix Boy
56%
Jean Girl
53%
No matching quizzes found
Score Distribution
Percent of People with Each Score
Percentile by Number Answered
Your Score History
You have not taken this quiz since the last reset